[Event "POL Olympiad U14 Girls"]
[Site "Drzonkow"]
[Date "2017.04.03"]
[Round "3"]
[White "Paluch, Kornelia"]
[Black "Drob, Julia"]
[Result "1-0"]
[WhiteElo "1356"]
[BlackElo "1132"]
[PlyCount "91"]
[EventDate "2017.04.02"]
[EventType "swiss"]
[EventRounds "9"]
[EventCountry "POL"]
[SourceTitle "EXT 2020"]
[Source "ChessBase"]
[SourceDate "2019.10.17"]
[SourceVersion "1"]
[SourceVersionDate "2019.10.17"]
[SourceQuality "1"]

1. d4 d5 2. Nf3 e6 3. c4 c6 4. Nc3 Nf6 5. Bg5 Nbd7 6. e3 dxc4 7. Bxc4 b5 8. Bd3 a6 9. Rc1 Be7 10. 0-0 c5 11. dxc5 Nxc5 12. Be2 Bb7 13. Qxd8+ Rxd8 14. Bxf6 gxf6 15. Rfd1 Ne4 16. Nxe4 Bxe4 17. Rc7 Bd5 18. a3 Bd6 19. Ra7 0-0 20. Rxa6 Bxf3 21. Bxf3 Be5 22. b4 Rb8 23. Rd7 Rfc8 24. g3 Rc7 25. Rxc7 Bxc7 26. Ra7 Be5 27. Bh5 Rf8 28. Rb7 Bb2 29. Rxb5 Bxa3 30. Rb7 Kg7 31. b5 Bd6 32. Rd7 Bc5 33. Kf1 Bb6 34. Ke2 Ba5 35. Kd3 f5 36. Kd4 Kf6 37. Kc5 Rc8+ 38. Kd4 Rd8 39. Rxd8 Bxd8 40. Kc5 Ke7 41. Kc6 f6 42. b6 Bxb6 43. Kxb6 Kd6 44. Bf3 e5 45. h4 e4 46. Be2 1-0

[Event "POL-chT U19 2nd League"]
[Site "Iwonicz"]
[Date "2016.07.31"]
[Round "1.59"]
[White "Paluch, Kornelia"]
[Black "Maciak, Gabriela"]
[Result "0-1"]
[WhiteElo "1188"]
[BlackElo "1492"]
[PlyCount "92"]
[EventDate "2016.07.23"]
[EventType "team-swiss"]
[EventRounds "11"]
[EventCountry "POL"]
[SourceTitle "EXT 2019"]
[Source "ChessBase"]
[SourceDate "2018.10.10"]
[SourceVersion "1"]
[SourceVersionDate "2018.10.10"]
[SourceQuality "1"]
[WhiteTeam "Wroclaw MUKS MDK Srodmiescie U19 II"]
[BlackTeam "Legnica Miedz U19"]
[WhiteTeamCountry "POL"]
[BlackTeamCountry "POL"]

1. d4 f5 2. c4 e6 3. Nc3 Nf6 4. Nf3 d5 5. Bg5 c6 6. e3 Bd6 7. Be2 Nbd7 8. 0-0 0-0 9. Rc1 h6 10. Bh4 b6 11. cxd5 exd5 12. Bd3 g5 13. Bg3 Bxg3 14. fxg3 Ne4 15. Nd2 Qe7 16. Be2 Bb7 17. Ncxe4 fxe4 18. Qb3 c5 19. dxc5 Nxc5 20. Qa3 Qe5 21. Nb3 Nxb3 22. Qxb3 Rxf1+ 23. Rxf1 Qd6 24. Bg4 Ba6 25. Rd1 Bd3 26. Rd2 Rf8 27. Be2 Qc5 28. Qd1 Qxe3+ 29. Kh1 Rf2 30. Rxd3 exd3 31. Bxd3 Rd2 32. Qc1 Rxd3 33. Qc8+ Kf7 34. Qd7+ Kf6 35. Qd8+ Qe7 36. Qh8+ Ke6 37. Qg8+ Qf7 38. Qc8+ Qd7 39. Qg8+ Qf7 40. Qc8+ Ke5 41. Qh8+ Ke4 42. h4 Rxg3 43. Kh2 Re3 44. Qxh6 Qf4+ 45. g3 Qxg3+ 46. Kh1 Re1# 0-1